Резолюция по докладу И. Ф. Пономарева "Состояние стекольно-фарфоровой промышленности Сибири"; Всесоюзный съезд стекольно-фарфоровой промышленности, Москва, 3-7 февраля 1925 г.

গ্রন্থ-পঞ্জীর বিবরন
Parent link:Всесоюзный съезд стекольно-фарфоровой промышленности, Москва, 3-7 февраля 1925 г..— 1925.— С. 27
ভাষা:রুশ
প্রকাশিত: 1925
বিষয়গুলি:
বিন্যাস: গ্রন্থের অধ্যায়
KOHA link:https://koha.lib.tpu.ru/cgi-bin/koha/opac-detail.pl?biblionumber=175179

MARC

LEADER 00000naa2a2200000 4500
001 175179
005 20231031165018.0
035 |a (RuTPU)RU\TPU\book\189944 
035 |a RU\TPU\tpu\7132 
090 |a 175179 
100 |a 20100210d1925 m y0rusy50 ca 
101 0 |a rus 
102 |a RU 
200 1 |a Резолюция по докладу И. Ф. Пономарева "Состояние стекольно-фарфоровой промышленности Сибири" 
463 0 |0 (RuTPU)RU\TPU\book\189411  |t Всесоюзный съезд стекольно-фарфоровой промышленности, Москва, 3-7 февраля 1925 г.  |o тезисы докладов и резолюции съезда  |v С. 27  |d 1925  |p 32 с. 
470 |t Состояние стекольно-фарфоровой промышленности Сибири  |f И. Ф. Пономарев  |a Пономарев, Иван Федорович 
610 1 |a химическая промышленность 
610 1 |a труды учёных ТПУ 
801 0 |a RU  |b 63413507  |c 20011210  |g PSBO 
801 2 |a RU  |b 63413507  |c 20100210  |g PSBO 
942 |c BK